| 000 | 01245nam0a2200337 4500 | ||
|---|---|---|---|
| 001 | RU\NLR\BIBL_A\011518207 | ||
| 005 | 20260406045043.0 | ||
| 010 | _a978-5-9500281-6-8 | ||
| 021 |
_aRU _b2017-77652 _95537 |
||
| 035 | _a(RuMoRGB)009418425 | ||
| 035 | _a(NLR Aleph) 011518207 | ||
| 090 |
_a12083458 _c12083458 |
||
| 100 | _a20171108d2017 |||y0rusy50 ca | ||
| 101 | 0 | _aeng | |
| 102 | _aRU | ||
| 105 | _ay z 000ay | ||
| 200 | 1 |
_aThe Bourne identity _e[книга для чтения на английском языке] _fRobert Ludlum _gадаптация, сокращение и словарь: Н. В. Беспалова |
|
| 210 |
_aСанкт-Петербург _cАнтология _d2017 |
||
| 215 |
_a254, [1] с. _d20 |
||
| 225 | 1 |
_aAbridged bestseller _iIntermediate |
|
| 333 | _a16+ | ||
| 541 | 1 | _aИдентификация Борна | |
| 606 | 1 |
_aАнглийский язык _jКниги для чтения _9972309 _3RU\NLR\AUTH\6646032 |
|
| 686 |
_aШ143.21-947 _2rubbk |
||
| 686 | 1 | _aШ143.21-93рус91 | |
| 700 | 1 |
_8eng _7ca _aLudlum _bR. _f1927-2001 _gRobert _3RU\NLR\AUTH\774806 _9114781 |
|
| 702 | 1 |
_aBespalova _bN.V. _4070 |
|
| 942 | _cBOOK | ||
| 980 | _aNB | ||